000 00589nam a2200217 a 4500
001 BRCA_3948
005 20190320204504.0
008 130110s1964----gw-#######---#000-0#ger-#
041 _ager
044 _agw
050 4 _aPN6034
_b.V54 1964
245 1 0 _aVierundzwanzig Erzähler der Welt
_cherausgegeben von Martin Gregor-Dellin.
260 _aMunich
_bNymphenburger
_c1964
300 _a358 p.
_bil.
_c20 cm.
500 _aCDE4
650 1 4 _aCuentos
_910272
650 1 4 _aCuentos alemanes
_910273
700 1 _aGregor-Dellin, Martin
_eEditor
_910274
902 _aGFM
942 _2lcc
_cB
999 _c3675
_d3675